Practique de l'art de construire (Record no. 44708)

MARC details
000 -LEADER
campo de control de longitud fija 00542nam a2200157 i 4500
001 - NÚMERO DE CONTROL
campo de control 44708
003 - IDENTIFICADOR DE NÚMERO DE CONTROL
campo de control ES-MaACL
007 - CAMPO FIJO DE DESCRIPCIÓN FÍSICA--INFORMACIÓN GENERAL
campo de control de longitud fija t|
008 - DATOS DE LONGITUD FIJA--INFORMACIÓN GENERAL
campo de control de longitud fija 030324s1850 fr ||||1| fre d
100 1# - ENTRADA PRINCIPAL--NOMBRE DE PERSONA
Nombre de persona Claudel, J.
9 (RLIN) 39084
245 10 - MENCIÓN DEL TÍTULO
Título Practique de l'art de construire
Resto del título : maçonnerie : connaisances relatives a l'exocution et a l'estimation des travaux de maçonnerie /
Mención de responsabilidad, etc. par J. Claudel et J. Laroque.
260 ## - PUBLICACIÓN, DISTRIBUCIÓN, ETC.
Lugar de publicación, distribución, etc. Paris :
Nombre del editor, distribuidor, etc. [s.n.,
Fecha de publicación, distribución, etc. 1850] (
Fabricante Hennuyer)
300 ## - DESCRIPCIÓN FÍSICA
Extensión XII, 508 p. ;
Dimensiones 22 cm.
700 1# - ENTRADA AGREGADA--NOMBRE PERSONAL
Nombre de persona Laroque, J.
9 (RLIN) 70280
852 ## - LOCALIZACIÓN
Ubicación ES-MaACL
Número de control de estantería G-11470
Holdings
Estatus retirado Estado de pérdida Estado de daño No para préstamo Colección Biblioteca de origen Biblioteca actual Ubicación en estantería Fecha de adquisición Fuente de adquisición Total de préstamos Signatura topográfica completa Código de barras Visto por última vez Precio de reemplazo Tipo de ítem Koha
        Libros del s. XIX Biblioteca del Ateneo de Madrid Biblioteca del Ateneo de Madrid Sala Pecera Planta 3 17/01/2008     G-11470 1047054 23/02/2023 23/02/2023 Libro impreso antiguo